LEADER 04194nam 2200565 450 001 996237242603316 005 20180225163306.0 010 $a9789004339705$belectronic book 010 $a90-04-33970-1 010 $z90-04-33969-8 024 7 $a10.1163/9789004339705 035 $a(CKB)3710000001064301 035 $a(MiAaPQ)EBC4819134 035 $a 2016058066 035 $a(nllekb)BRILL9789004339705 035 $a(PPN)229584888 035 $a(EXLCZ)993710000001064301 100 $a20170324h20172017 uy p 101 0 $aeng 135 $aurcnu|||||||| 181 $2rdacontent 182 $2rdamedia 183 $2rdacarrier 200 00$aAuthorship and Greek song$iStudies in Archaic and classical Greek song$hVolume 3 $eauthority, authenticity, and performance /$fedited by Egbert J. Bakker 210 1$aLeiden, The Netherlands ;$aBoston, [Massachusetts] :$cBrill,$d2017. 210 4$d©2017 215 $a1 online resource (305 pages) 225 1 $aMnemosyne, Supplements,$x0169-8958 ;$vVolume 402 300 $aSelected papers presented at a conference entitled "Authorship, Authority, and Authenticity in Archaic and Classical Greek Song," which was held June 6-9, 2011 at Yale University, organized by the Network for the Study of Archaic and Classical Greek Song. 320 $aIncludes bibliographical references at the end of each chapters and indexes. 327 $tFront Matter /$rEgbert J. Bakker -- $tIntroduction /$rEgbert J. Bakker -- $tThe Construction of Authority in Pindar?s Isthmian 2 in Performance /$rEva Stehle -- $tVoice and Worship /$rChristopher Carey -- $tCrooked Competition: The Performance and Poetics of Skolia /$rRichard P. Martin -- $tPlacing the Poet: The Topography of Authorship /$rNicholas Boterf -- $tTrust and Fame: The Seal of Theognis /$rEgbert J. Bakker -- $tAuthenticity and Autochthonous Traditions in Archaic and Hellenistic Lyric Poetry /$rJacqueline Klooster -- $tEmbedded Song and Poetic Authority in Pindar and Bacchylides /$rSarah J. Harden -- $tNarratorial Authority and Its Subversion in Archilochus /$rLaura Swift -- $tThe Invention of Stesichorus: Hesiod, Helen, and the Muse /$rJesús Carruesco -- $tOn the Antagonism between Divine and Human Performer in Archaic Greek Poetics /$rVayos Liapis -- $t?Newly Written Buds:? Archaic and Classical Pseudepigrapha in Meleager?s Garland /$rIrene Peirano Garrison -- $tSappho or Alcaeus: Authors and Genres of Archaic Hymns /$rLeanna Boychenko -- $tWhich Sappho? The Case Study of the Cologne Papyrus /$rElisabetta Pitotto and Amedeo A. Raschieri -- $tIndexes /$rEgbert J. Bakker. 330 $aAuthorship and Greek Song is a collection of papers dealing with various aspects of authorship in the song culture of Ancient Greece. In this cultural context the idea of the poet as author of his poems is complicated by the fact that poetry in archaic Greece circulated as songs performed for a variety of audiences, both local and ?global? (Panhellenic). The volume?s chapters discuss questions about the importance of the singers/performers; the nature of the performance occasion; the status of the poet; the authority of the poet/author and/or that of the performer; and the issues of authenticity arising when poems are composed under a given poet?s name. The volume offers discussions of major authors such as Pindar, Sappho, and Theognis. 410 0$aMnemosyne, bibliotheca classica Batava. Supplementum. Monographs on Greek and Roman language and literature ;$vVolume 402. 606 $aGreek poetry$xHistory and criticism$vCongresses 606 $aGreek poetry$xAuthorship$vCongresses 606 $aOral interpretation of poetry$xHistory$yTo 1500$vCongresses 606 $aOral tradition$zGreece$vCongresses 615 0$aGreek poetry$xHistory and criticism 615 0$aGreek poetry$xAuthorship 615 0$aOral interpretation of poetry$xHistory 615 0$aOral tradition 676 $a881.0109 702 $aBakker$b Egbert J. 801 0$bMiAaPQ 801 1$bMiAaPQ 801 2$bMiAaPQ 906 $aBOOK 912 $a996237242603316 996 $aAuthorship and Greek song$92390010 997 $aUNISA LEADER 01252nam0 22002891i 450 001 UON00194788 005 20231205103229.730 010 $a05-7602-234-9 100 $a20030730d1971 |0itac50 ba 101 $aeng 102 $aGB 105 $a|||| 1|||| 200 1 $aˆThe ‰dramatic works of Nicholas Rowe$acontaining The Ambitious Step-Mother 210 $aLondon$cT. Jauncy$d1720 [rist. 1971] 215 $a2 v.$cill.$d17 cm. 606 $aRowe Nicholas$3UONC082618$2FI 620 $aGB$dLondon$3UONL003044 676 $a820.09$cLetteratura inglese e in antico inglese. Storia, descrizione, studi critici$v21 700 1$aGOLDSTEIN$bMalcolm$3UONV115525$0456896 712 $ajauncy$3UONV275025$4650 801 $aIT$bSOL$c20240220$gRICA 912 $aUON00194788 950 $aSIBA - SISTEMA BIBLIOTECARIO DI ATENEO$dSI Angl IV A ROW 01 a $eSI SI 6543 5 01 a 950 $aSIBA - SISTEMA BIBLIOTECARIO DI ATENEO$dSI Angl IV A ROW 01 b $eSI SI 6543/1 5 01 b 996 $aContaining The Ambitious Step-Mother$91292289 996 $aDramatic works of Nicholas Rowe$91292288 997 $aUNIOR LEADER 01195oam 2200397zu 450 001 9910872936903321 005 20241212215201.0 035 $a(CKB)111055184271218 035 $a(SSID)ssj0000558616 035 $a(PQKBManifestationID)12201391 035 $a(PQKBTitleCode)TC0000558616 035 $a(PQKBWorkID)10558870 035 $a(PQKB)10252401 035 $a(NjHacI)99111055184271218 035 $a(EXLCZ)99111055184271218 100 $a20160829d1996 uy 101 0 $aeng 135 $aur||||||||||| 181 $ctxt 182 $cc 183 $acr 200 10$a1996 Optical Fiber Communication Conference 210 31$a[Place of publication not identified]$cIEEE$d1996 215 $a1 online resource (560 pages) 300 $aBibliographic Level Mode of Issuance: Monograph 311 08$a9781557524225 311 08$a155752422X 606 $aElectrooptical devices 615 0$aElectrooptical devices. 676 $a621.381045 712 02$aIEEE, Institute of Electrical and Electronics Engineers, Inc. Staff 801 0$bPQKB 906 $aBOOK 912 $a9910872936903321 996 $a1996 Optical Fiber Communication Conference$92515721 997 $aUNINA